000 00834nam a2200265Ia 4500
001 Para_1792
003 CHAP
008 220125s1976 xx 000 0 und d
010 _a200443
040 _cCHAP
082 _aPA 634.3063 P7 1976
100 _aCalavan, E.C., ed.
_9165319
245 _aProceedings of the seventh conference of the intertational organization of citrus virologists /
_c ed. by E.C., Calavan
260 _aRiverside, Cal. :
_b International Organization of Citrus Virologists
300 _a227 p.
650 _aCitricos
_x congresos
_924414
650 _aCitricos
_x enfermedades por virus
_924427
901 _aPA 634.3063 P7 1976
902 _aA
905 _a0000001976 a 0000000000 00
910 _a1976
942 _cPARA
942 _cPARA
_d1
999 _c200443
_d200443